Mukti-yajña; (Record no. 79247)

MARC details
000 -LEADER
fixed length control field 00715cam a22002291 4500
001 - CONTROL NUMBER
control field sa 68003117
003 - CONTROL NUMBER IDENTIFIER
control field DLC
005 - DATE AND TIME OF LATEST TRANSACTION
control field 20260227112449.0
008 - FIXED-LENGTH DATA ELEMENTS--GENERAL INFORMATION
fixed length control field 850617s1967 ii c 000 0 hinx
010 ## - LIBRARY OF CONGRESS CONTROL NUMBER
LC control number sa 68003117
020 ## - INTERNATIONAL STANDARD BOOK NUMBER
Terms of availability Rs3.50
025 ## - OVERSEAS ACQUISITION NUMBER
Overseas acquisition number PL480:I-H-5290
035 ## - SYSTEM CONTROL NUMBER
System control number (OCoLC)13884453
040 ## - CATALOGING SOURCE
Original cataloging agency DLC
Transcribing agency NN
Modifying agency DLC
042 ## - AUTHENTICATION CODE
Authentication code premarc
050 00 - LIBRARY OF CONGRESS CALL NUMBER
Classification number PK2098.O5
Item number M8
100 0# - MAIN ENTRY--PERSONAL NAME
Personal name Onkarnath Dinkar,
Dates associated with a name 1912-
245 10 - TITLE STATEMENT
Title Mukti-yajña;
Remainder of title tyāga, balidāna evaṃ deśabhakti kī bhāvanāoṃ se otaprota aitihāsika nāṭaka.
Statement of responsibility, etc. [Lekhaka] Oṅkāranātha Dinakara.
260 ## - PUBLICATION, DISTRIBUTION, ETC.
Place of publication, distribution, etc. Bhīlavāṛā,
Name of publisher, distributor, etc. Pragatiśīla samācāra samiti.
Date of publication, distribution, etc. [1967]
300 ## - PHYSICAL DESCRIPTION
Extent 3,122 p.
Other physical details port.
Dimensions 19 cm.
500 ## - GENERAL NOTE
General note In Hindi.

No items available.

Powered by Koha